Veinte años después: La tragedia del salitre

保存先:
書誌詳細
第一著者: Vidal, Jorge (著者)
フォーマット: 図書
言語:スペイン語
出版事項: Santiago Sociedad Imprenta y Litografía Universo 1933
版:1a. ed
主題:
タグ: タグ追加
タグなし, このレコードへの初めてのタグを付けませんか!

MARC

LEADER 00000nam a2200000 a 4500
001 UCJ3905
003 CL-VaPUC
008 070124e19331000CL |||||||||||||||||spa|d
082 0 4 |a 983  |b VID  |2 21 
100 0 |a Vidal, Jorge  |e author  |9 506461 
245 1 0 |a Veinte años después: La tragedia del salitre 
250 |a 1a. ed 
300 |a 152 p 
942 |c BK 
945 |d 20070124 00:00:00  |a rinostro 
260 |a Santiago  |b Sociedad Imprenta y Litografía Universo  |c 1933 
600 0 7 |a BERTRAND, ALEJANDRO  |2 CL-VaPUC  |9 504548 
650 0 |a Industria salitrera  |9 440309 
650 7 |a CRISIS SALITRERA  |2 CL-VaPUC  |9 436242 
650 7 |a SALITRE SINTETICO  |2 CL-VaPUC  |9 506462 
650 7 |a LEGISLACION  |2 CL-VaPUC  |9 506463 
651 7 |a ANTOFAGASTA  |2 CL-VaPUC  |9 319270 
651 7 |a TARAPACA  |2 CL-VaPUC  |9 268304 
651 7 |a IQUIQUE  |2 CL-VaPUC  |9 357757 
583 |a last modification  |c 20070124 00:00:00  |k Rodrigo Vera 
999 |c 320024  |d 320022 
952 |0 0  |1 0  |4 0  |6 983_000000000000000_VID_1933  |7 0  |8 X  |9 398470  |a FDOBUD  |b FDOBUD  |d 2019-11-22  |i 1010824  |o 983 VID 1933  |p 1010824  |r 2019-11-22  |w 2019-11-22  |y BK_X  |k BUD 
952 |0 0  |1 0  |4 0  |6 983_000000000000000_VID_1933  |7 0  |8 X  |9 398471  |a FDOBUD  |b FDOBUD  |d 2019-11-22  |i 1010832  |o 983 VID 1933  |p 1010832  |r 2019-11-22  |w 2019-11-22  |y BK_X  |k BUD